000 00266nam a2200097Ia 4500
082 _a582.130968 BOT
245 0 _aVELD AND FLORA VOL 02
100 _a BOTANICAL SOCIETY OF SOUTH AFRICA 1975
_963154
942 _cBK
008 210817s9999 xx 000 0 und d
999 _c199858
_d199857